01322nam a2200205Ia 4500008004100000020001500041041001200056100002100068245005400089260003300143300000800176650001000184942000700194999001700201952017000218952018200388952018200570952018200752952018200934221030s9999 xx 000 0 und d a8125942696 aEnglish aS. S. Bhavikatti 0aStructural Analysis : Vol. Icby S. S. Bhavikatti bVikas Pub HouseaNoidac2018 a403 aCivil cBK c18239d18239 pBE 15975g499.00i54l0eRKBr2024-06-13 00:00:00w2022-10-30yBK003Print4071aMIETLIBbMIETLIBcBL-Aacdemic Block B, FL-2, CUP-156, SH-6, R-6d2019-09-0310HBE pBE 15976g499.00i54l1eRKBr2025-06-03 00:00:00s2023-04-18w2022-10-30yBK003Print4070aMIETLIBbMIETLIBcBL-Academic Block B, FL-2, CUP-147, SH-5, R-5d2019-09-0310HBE pBE 15977g550.00i54l1eRKBr2024-06-14 00:00:00s2023-10-17w2022-10-30yBK003Print4070aMIETLIBbMIETLIBcBL-Academic Block B, FL-2, CUP-147, SH-5, R-5d2019-09-0310HBE pBE 15978g550.00i54l2eRKBr2024-06-13 00:00:00s2023-12-23w2022-10-30yBK003Print4070aMIETLIBbMIETLIBcBL-Academic Block B, FL-2, CUP-147, SH-5, R-5d2019-09-0310HBE pBE 15979g550.00i54l2eRKBr2024-06-13 00:00:00s2023-12-20w2022-10-30yBK003Print4070aMIETLIBbMIETLIBcBL-Academic Block B, FL-2, CUP-147, SH-5, R-5d2019-09-0310HBE